Loading...
| Literature - World | 0 | 7 | 0 | 2 | 70 | 55 | 122.14 | 2 | 6 | 0.00 | 0.00 |
| Literature - British | 0 | 4 | 0 | 1 | 40 | 62 | 99.75 | 0 | 3 | 0.00 | 0.00 |
| Literature - European | 0 | 4 | 1 | 0 | 35 | 55 | 86.50 | 1 | 3 | 0.00 | 0.00 |
| Fine Arts - Painting and Sculpture | 0 | 4 | 1 | 2 | 35 | 98 | 121.50 | 0 | 2 | 0.00 | 0.00 |
| Literature - American | 0 | 4 | 1 | 1 | 35 | 38 | 92.50 | 1 | 4 | 0.00 | 0.00 |
| Philosophy | 0 | 2 | 0 | 0 | 20 | 75 | 87.50 | 1 | 1 | 0.00 | 0.00 |
| Social Science | 0 | 1 | 0 | 0 | 10 | 110 | 110.00 | 0 | 1 | 0.00 | 0.00 |
| Fine Arts - Other | 0 | 1 | 0 | 0 | 10 | 48 | 48.00 | 1 | 1 | 0.00 | 0.00 |
| History - American | 0 | 1 | 0 | 1 | 10 | 134 | 134.00 | 0 | 0 | 0.00 | 0.00 |
| Mythology | 0 | 1 | 0 | 0 | 10 | 133 | 133.00 | 0 | 0 | 0.00 | 0.00 |
| Science - Chemistry | 0 | 1 | 0 | 0 | 10 | 99 | 99.00 | 0 | 0 | 0.00 | 0.00 |
| Fine Arts - Classical Music | 0 | 1 | 0 | 1 | 10 | 150 | 150.00 | 0 | 1 | 0.00 | 0.00 |